00521nam a2200205Ia 450000500170000000800410001702000150005808200200007310000130009324500470010626000380015326000340019130000120022565000160023765000120025365000110026565000110027665000150028765000130030220250130050416.0240331s9999 xx 000 0 und d a0861043790 bHOO2311a305.4 aHooks, B 0aAin't I A Woman:bBlack Women and Feminism aLondonbPluto Press Limitedc1982 aBostonbSouth End Pressc1982 a205 p., aBlack Women aSlavery aRacism aSexism aPatriarchy aFeminism